• 首页
  • 本馆介绍
  • 公告通知
  • 最新文献
  • 馆藏检索
  • 电子资源
  • 读者导购
  • 参考咨询
  • 我的图书馆
  • 登录
  • 详细信息显示
  • 放入我的书架
  • 预约/预借图书
  • 作者相关作品
  • 分类相关作品
  • 丛书相关作品
  • 出版社相关作品

书目信息

  • 表格格式
  • 工作单格式
  • 卡片格式
题名:
孔子思想体系
    
 
作者: 蔡尚思 著
分册:  
出版信息: 上海   上海人民出版社  1982.6
页数: 293页
开本: 20cm
丛书名:
单 册:
中图分类: B222.2
科图分类:
主题词: 孔丘--哲学 , 孔丘
电子资源:
ISBN:
000 00557nam0 2200217 45
001 0211110952
005 20050519112440.4
010    @dCNY0.95
091    @a2074.389
100    @a20021111d1982 km y0chiy0120 ea
101 0  @achi
105    @a z 000yy
200 1  @a孔子思想体系@AKong Zi Si Xiang Ti Xi@f蔡尚思著@FCai Shang Si Zhu
210    @a上海@c上海人民出版社@d1982.6
215    @a293页@d20cm
606 0  @a孔丘@x哲学
606 0  @a孔丘
690    @aB222.2@v3
701  0 @a蔡尚思@4著
801    @aCN@bTSTC@c20031124
905    @dB222.2@e15@f1@b87737
    
    孔子思想体系/蔡尚思著.-上海:上海人民出版社,1982.6
    293页;20cm
    
    
    ISBN :CNY0.95
    
●
相关链接 在E读中查询图书 在五车中查询图书 在当当中查询图书 在豆瓣中查询图书


正题名:孔子思想体系     索取号:B222.2/15         预约/预借

序号 登录号 条形码 馆藏地/架位号 状态 备注
1 0086758   001521801   密集书库/ [索取号:B222.2/15] 在馆    
2 0086759   001521794   密集书库/ [索取号:B222.2/15] 在馆    
3 0086760   001521785   密集书库/ [索取号:B222.2/15] 在馆    
4 0087737   002049508   第一样本阅览室/ [索取号:B222.2/15] 在馆    
5 0087738   001521758   密集书库/ [索取号:B222.2/15] 在馆    
6 0087739   001521749   密集书库/ [索取号:B222.2/15] 在馆    
7 0087740   001521730   密集书库/ [索取号:B222.2/15] 在馆    
8 0087741   001859402   密集书库/ [索取号:B222.2/15] 在馆    
9 0118417   001620598   密集书库/ [索取号:B222.2/15] 在馆    
10 0172973   001620605   密集书库/ [索取号:B222.2/15] 在馆    
11 0172974   001521703   密集书库/ [索取号:B222.2/15] 在馆    
12 0172975   001521696   密集书库/ [索取号:B222.2/15] 在馆    
13 0172976   001521767   密集书库/ [索取号:B222.2/15] 在馆    
唐山师范学院图书馆 欢迎您!
大连网信软件有限公司© 版权所有